[Event "HZ Chess Tournament 2024"]
[Site "Vlissingen, Netherlands"]
[Date "2024.08.03"]
[Round "1.1"]
[White "L'Ami, Erwin"]
[Black "Fischer, Gert"]
[Result "1-0"]
[WhiteElo "2629"]
[BlackElo "1890"]
[PlyCount "41"]
[TimeControl "90"]

1. d4 Nf6 2. c4 c5 3. d5 b5 4. cxb5 a6 5. e3 axb5 6. Bxb5 Qa5+ 7. Nc3 Bb7 8.
Bd2 Qb6 9. a4 e6 10. Nf3 Nxd5 11. Nxd5 Bxd5 12. Bc3 Nc6 13. O-O f6 14. Re1 Be4
15. Nd2 Bg6 16. Nc4 Qc7 17. a5 Rd8 18. a6 Kf7 19. Qf3 Bd6 20. Bxc6 dxc6 21. Ba5
1-0

[Event "HZ Chess Tournament 2024"]
[Site "Vlissingen, Netherlands"]
[Date "2024.08.03"]
[Round "1.2"]
[White "Van den Hoogen, Arie"]
[Black "Ter-Sahakyan, Samvel"]
[Result "0-1"]
[WhiteElo "1915"]
[BlackElo "2609"]
[PlyCount "62"]
[TimeControl "90"]

1. e4 c5 2. Nf3 d6 3. d4 cxd4 4. Nxd4 Nf6 5. Nc3 a6 6. Be2 e5 7. Nb3 Be7 8. O-O
O-O 9. Be3 Be6 10. f3 Qc7 11. Nd5 Bxd5 12. exd5 Nbd7 13. c4 Rfe8 14. Nd2 Bf8
15. Bd3 g6 16. Qc2 Rac8 17. Rac1 Qb8 18. b4 Nxd5 19. Bf2 Nxb4 20. Qb3 Nc5 21.
Bxc5 dxc5 22. Ne4 Red8 23. Bb1 Be7 24. Rcd1 Rd4 25. a3 Nc6 26. Nc3 Na5 27. Qa4
Nxc4 28. Rxd4 cxd4 29. Nd5 Qd6 30. Nxe7+ Qxe7 31. Rc1 Nb6 0-1

[Event "HZ Chess Tournament 2024"]
[Site "Vlissingen, Netherlands"]
[Date "2024.08.03"]
[Round "1.3"]
[White "Bharath Subramaniyam H"]
[Black "Karacsonyi, Luca"]
[Result "1-0"]
[WhiteElo "2566"]
[BlackElo "1914"]
[PlyCount "65"]
[TimeControl "90"]

1. d4 d5 2. Bf4 Nf6 3. e3 c5 4. c3 Qb6 5. Qb3 c4 6. Qc2 Nc6 7. Nd2 g6 8. e4
Nxe4 9. Nxe4 dxe4 10. d5 Na5 11. Be5 f6 12. Bd4 Qb5 13. b4 Qxd5 14. bxa5 Bd7
15. Rd1 Qc6 16. Be3 e5 17. g3 Bc5 18. Qd2 Bxe3 19. Qxe3 Bg4 20. Rb1 O-O 21. Bg2
Bf5 22. g4 Bxg4 23. Qxe4 Qxe4+ 24. Bxe4 Rfd8 25. a6 Rab8 26. axb7 Bf5 27. Bxf5
gxf5 28. Nf3 Rd7 29. Nd2 Rdxb7 30. Ke2 e4 31. Rxb7 Rxb7 32. Rb1 Rc7 33. Rb5 1-0

[Event "HZ Chess Tournament 2024"]
[Site "Vlissingen, Netherlands"]
[Date "2024.08.03"]
[Round "1.4"]
[White "Karacsonyi, Bank"]
[Black "Pavlidis, Antonios"]
[Result "0-1"]
[WhiteElo "1913"]
[BlackElo "2566"]
[PlyCount "70"]
[TimeControl "90"]

1. e4 c5 2. Nf3 e6 3. d4 cxd4 4. Nxd4 Nc6 5. Nc3 Qc7 6. Qd3 Nf6 7. Ndb5 Qb8 8.
Qg3 d6 9. Be3 a6 10. Nd4 Bd7 11. Bd3 h5 12. f3 Ne5 13. Rd1 b5 14. O-O b4 15.
Nce2 h4 16. Qf2 Be7 17. h3 d5 18. exd5 Nxd3 19. Rxd3 Nxd5 20. f4 Nxe3 21. Qxe3
Qc7 22. f5 e5 23. f6 gxf6 24. Qf3 Rd8 25. Nf5 Bxf5 26. Rxd8+ Bxd8 27. Qxf5 Qc6
28. Re1 Kf8 29. Nc1 a5 30. Kh2 Rg8 31. Re2 Rg6 32. Nb3 Qc4 33. Rd2 Bc7 34. Qc8+
Kg7 35. Rd8 Qf4+ 0-1

[Event "HZ Chess Tournament 2024"]
[Site "Vlissingen, Netherlands"]
[Date "2024.08.03"]
[Round "1.5"]
[White "Ferreira, Jorge Viterbo"]
[Black "Verbruggen, Samuel"]
[Result "1-0"]
[WhiteElo "2523"]
[BlackElo "1913"]
[PlyCount "67"]
[TimeControl "90"]

1. d4 Nf6 2. c4 e6 3. Nf3 d5 4. g3 Be7 5. Bg2 O-O 6. O-O dxc4 7. Qc2 a6 8. a4
c5 9. dxc5 Bxc5 10. Nbd2 Nc6 11. Nxc4 Qe7 12. Nce5 Bd7 13. Bg5 Rfd8 14. Ng4 Nd4
15. Nxd4 Bxd4 16. e3 h5 17. exd4 hxg4 18. Bxb7 Bxa4 19. Qe4 Rab8 20. Bxf6 gxf6
21. Qxg4+ Kf8 22. Rxa4 Rxb7 23. Qh4 Kg7 24. Qg4+ Kh7 25. Rd1 Rb4 26. Rxa6 f5
27. Qh5+ Kg7 28. d5 Rh8 29. Qe2 Re4 30. Qf3 Qc5 31. dxe6 fxe6 32. Kg2 Kf6 33.
Rdd6 Qb5 34. Qc3+ 1-0

[Event "HZ Chess Tournament 2024"]
[Site "Vlissingen, Netherlands"]
[Date "2024.08.03"]
[Round "1.6"]
[White "Kools, Jasper"]
[Black "Fernandez, Daniel Howard"]
[Result "0-1"]
[WhiteElo "1770"]
[BlackElo "2519"]
[PlyCount "42"]
[TimeControl "90"]

1. d4 Nf6 2. c4 e6 3. g3 Bb4+ 4. Bd2 Qe7 5. Bg2 O-O 6. a3 Bxd2+ 7. Qxd2 d6 8.
Nc3 h6 9. e3 e5 10. Nge2 Re8 11. O-O e4 12. b4 Bf5 13. Rac1 Nbd7 14. Nb5 Nf8
15. d5 a6 16. Nbd4 Bh7 17. Rc3 N8d7 18. Nb3 Ne5 19. Ned4 g5 20. f3 exf3 21.
Nxf3 Ne4 0-1

[Event "HZ Chess Tournament 2024"]
[Site "Vlissingen, Netherlands"]
[Date "2024.08.03"]
[Round "1.7"]
[White "Hausrath, Daniel"]
[Black "Timmermans, Adri"]
[Result "1-0"]
[WhiteElo "2469"]
[BlackElo "1844"]
[PlyCount "53"]
[TimeControl "90"]

1. Nf3 Nf6 2. g3 c5 3. Bg2 d5 4. O-O Nc6 5. d4 e6 6. c4 Be7 7. cxd5 exd5 8.
dxc5 Bxc5 9. a3 O-O 10. b4 Be7 11. Nc3 h6 12. Bb2 Be6 13. Qb1 Qc8 14. Rd1 Rd8
15. Nd4 Bh3 16. Nxc6 bxc6 17. Na4 Bxg2 18. Kxg2 Ne4 19. Qd3 Nd6 20. Bd4 Qf5 21.
Qxf5 Nxf5 22. Rac1 Nxd4 23. Rxd4 a5 24. Nb6 Ra6 25. Rxc6 axb4 26. axb4 Rb8 27.
Nxd5 1-0

[Event "HZ Chess Tournament 2024"]
[Site "Vlissingen, Netherlands"]
[Date "2024.08.03"]
[Round "1.8"]
[White "Bogers, Tim"]
[Black "Ikonnikov, Vyacheslav"]
[Result "0-1"]
[WhiteElo "1904"]
[BlackElo "2447"]
[PlyCount "84"]
[TimeControl "90"]

1. d4 Nf6 2. Nc3 d6 3. Bf4 Nbd7 4. Nf3 Nh5 5. Bg3 g6 6. Bh4 Bg7 7. g4 Nhf6 8.
h3 c6 9. e3 b5 10. a3 Rb8 11. b4 Nb6 12. Nd2 Bd7 13. Nce4 Nxe4 14. Nxe4 Be6 15.
Ng5 Bd5 16. e4 Bc4 17. Bxc4 Nxc4 18. c3 c5 19. O-O cxd4 20. cxd4 Qd7 21. Ra2 h5
22. Bg3 Bh6 23. Nxf7 Kxf7 24. gxh5 Qxh3 25. Qf3+ Kg8 26. hxg6 Rf8 27. Qg2 Bf4
28. Re2 Bxg3 29. fxg3 Qh1+ 30. Qxh1 Rxh1+ 31. Kxh1 Rxf1+ 32. Kg2 Ra1 33. Rf2
Ne3+ 34. Kf3 Rxa3 35. Kf4 Nc4 36. g4 Rd3 37. Kg5 Rxd4 38. Kh6 Ne5 39. Ra2 Nxg4+
40. Kg5 Rxe4 41. Rxa7 Kg7 42. Rb7 Ne3 0-1

[Event "HZ Chess Tournament 2024"]
[Site "Vlissingen, Netherlands"]
[Date "2024.08.03"]
[Round "1.9"]
[White "Leenhouts, Koen"]
[Black "Schreidl, Michael"]
[Result "1-0"]
[WhiteElo "2446"]
[BlackElo "1900"]
[PlyCount "73"]
[TimeControl "90"]

1. d4 d5 2. c4 e6 3. Nf3 Nf6 4. g3 Be7 5. Bg2 O-O 6. O-O dxc4 7. Qa4 a6 8. Qxc4
b5 9. Qc2 Bb7 10. Bf4 Nc6 11. Nbd2 Rc8 12. Nb3 Nb4 13. Qc1 Be4 14. Nc5 Bxc5 15.
Qxc5 Nbd5 16. Bd2 Nd7 17. Qa3 c5 18. Qxa6 cxd4 19. Rfc1 Bxf3 20. Bxf3 Ne5 21.
Qxb5 Rb8 22. Qa4 Rxb2 23. Qxd4 Qf6 24. Bxd5 Nf3+ 25. Bxf3 Qxd4 26. Bc3 Qb6 27.
Bxb2 Qxb2 28. a4 Qb8 29. a5 Qa7 30. a6 g6 31. Rcb1 Rc8 32. Rb7 Qd4 33. Rab1 Kg7
34. a7 Rf8 35. Rc7 Qd6 36. Rbb7 Qa3 37. Rxf7+ 1-0

[Event "HZ Chess Tournament 2024"]
[Site "Vlissingen, Netherlands"]
[Date "2024.08.03"]
[Round "1.10"]
[White "Baete, Guy"]
[Black "Beukema, Stefan"]
[Result "0-1"]
[WhiteElo "1816"]
[BlackElo "2435"]
[PlyCount "64"]
[TimeControl "90"]

1. Nf3 d5 2. g3 g6 3. Bg2 Bg7 4. O-O e5 5. d3 Ne7 6. Nbd2 O-O 7. e4 Nbc6 8. c3
h6 9. b3 d4 10. c4 a5 11. Ba3 Nb4 12. Bxb4 axb4 13. Ne1 g5 14. f4 gxf4 15. gxf4
exf4 16. Rxf4 Ng6 17. Rf2 Ra5 18. Nf1 Ne5 19. Qd2 Qd6 20. Ng3 Ng4 21. Rf3 Rg5
22. Nc2 Be5 23. h4 Rg6 24. Nf5 Bxf5 25. exf5 Rg7 26. Qxb4 Qf6 27. Qe1 Re8 28.
Kh1 Re7 29. Rh3 Qxf5 30. Rf3 Qg6 31. Qd2 Qh5 32. Rh3 Bg3 0-1

[Event "HZ Chess Tournament 2024"]
[Site "Vlissingen, Netherlands"]
[Date "2024.08.03"]
[Round "1.11"]
[White "De Winter, Arthur"]
[Black "Godding, Mick"]
[Result "1-0"]
[WhiteElo "2411"]
[BlackElo "1799"]
[PlyCount "67"]
[TimeControl "90"]

1. e4 d5 2. exd5 Nf6 3. Nf3 Nxd5 4. d4 Bf5 5. Be2 e6 6. O-O Be7 7. a3 a5 8. c4
Nb6 9. Nc3 O-O 10. Bf4 c5 11. Nb5 Na6 12. Qd2 Bf6 13. Rad1 Bg4 14. h3 Bxf3 15.
Bxf3 cxd4 16. Bxb7 Nxc4 17. Qc2 Qb6 18. Bxa6 Nxa3 19. bxa3 Rxa6 20. a4 e5 21.
Bd2 Raa8 22. Rc1 g6 23. Qc6 Qxc6 24. Rxc6 Kg7 25. Rfc1 Be7 26. Kf1 Bb4 27. Ke1
h5 28. R1c4 Bxd2+ 29. Kxd2 Rfb8 30. R4c5 f6 31. h4 Rb7 32. Rc7+ Rxc7 33. Rxc7+
Kh6 34. Ra7 1-0

[Event "HZ Chess Tournament 2024"]
[Site "Vlissingen, Netherlands"]
[Date "2024.08.03"]
[Round "1.12"]
[White "Van Rij, Gert"]
[Black "Arfan, Aditya Bagus"]
[Result "0-1"]
[WhiteElo "1891"]
[BlackElo "2405"]
[PlyCount "44"]
[TimeControl "90"]

1. d4 d5 2. c4 c6 3. cxd5 cxd5 4. Nc3 Nf6 5. Bf4 Nc6 6. e3 Bf5 7. h3 e6 8. Nf3
Qb6 9. Qb3 Bb4 10. Nd2 O-O 11. a3 Bxc3 12. bxc3 Nd7 13. Be2 Rfc8 14. O-O Qxb3
15. Nxb3 Bc2 16. Nc5 Nxc5 17. dxc5 Na5 18. Bd6 Bg6 19. Ra2 Nb3 20. c4 dxc4 21.
Bxc4 Nxc5 22. Be5 Nd7 0-1

[Event "HZ Chess Tournament 2024"]
[Site "Vlissingen, Netherlands"]
[Date "2024.08.03"]
[Round "1.13"]
[White "Karacsonyi, Gellert"]
[Black "Beltman, Guus"]
[Result "1-0"]
[WhiteElo "2395"]
[BlackElo "1889"]
[PlyCount "77"]
[TimeControl "90"]

1. d4 d6 2. e4 Nf6 3. Nc3 g6 4. Bf4 Bg7 5. Qd2 c6 6. Bh6 Bxh6 7. Qxh6 Qa5 8.
O-O-O b5 9. e5 dxe5 10. dxe5 Ng4 11. Qf4 b4 12. Bc4 Nxe5 13. Rd5 cxd5 14. Qxe5
bxc3 15. Qxh8+ Kd7 16. Nf3 Qb4 17. Bb3 Nc6 18. Rd1 e6 19. bxc3 Qf4+ 20. Kb1 Bb7
21. Qxh7 Qf6 22. Qh3 Ke8 23. Nd4 Nxd4 24. Rxd4 Qxf2 25. Qh8+ Ke7 26. Qe5 Rc8
27. Rb4 Ba6 28. Rf4 Qd2 29. Qf6+ Kd6 30. Kb2 Rc7 31. c4 Qe3 32. cxd5 Qe5+ 33.
Qxe5+ Kxe5 34. Ra4 Bf1 35. dxe6 fxe6 36. Rg4 Kf5 37. Rg3 Bb5 38. Rf3+ Ke5 39.
Re3+ 1-0

[Event "HZ Chess Tournament 2024"]
[Site "Vlissingen, Netherlands"]
[Date "2024.08.03"]
[Round "1.14"]
[White "Pennig, Felix"]
[Black "De Boer, Eelke"]
[Result "0-1"]
[WhiteElo "1889"]
[BlackElo "2270"]
[PlyCount "38"]
[TimeControl "90"]

1. Nc3 d5 2. e4 Nf6 3. e5 d4 4. exf6 dxc3 5. fxg7 cxd2+ 6. Bxd2 Bxg7 7. c3 Nc6
8. Qf3 Be6 9. Bb5 Qd7 10. Bxc6 bxc6 11. Qg3 Rg8 12. Nf3 O-O-O 13. Qf4 Qd3 14.
Qe3 Qa6 15. a4 Rd6 16. b4 Bc4 17. Qc5 Rgd8 18. Ra3 Re6+ 19. Be3 Qxa4 0-1

[Event "HZ Chess Tournament 2024"]
[Site "Vlissingen, Netherlands"]
[Date "2024.08.03"]
[Round "1.15"]
[White "Van Delft, Merijn"]
[Black "Lucas, Fred"]
[Result "1-0"]
[WhiteElo "2360"]
[BlackElo "1805"]
[PlyCount "45"]
[TimeControl "90"]

1. e4 c5 2. Nf3 e6 3. d4 cxd4 4. Nxd4 Nf6 5. Nc3 Nc6 6. Ndb5 Bb4 7. a3 Bxc3+ 8.
Nxc3 d5 9. exd5 exd5 10. Bd3 Bg4 11. f3 Be6 12. Bg5 a6 13. Qd2 h6 14. Bh4 Ne5
15. O-O g5 16. Bf2 Rg8 17. Rae1 Nxd3 18. Qxd3 Qd7 19. Qd4 Rg6 20. Na4 Qb5 21.
Nc5 Qc6 22. Qd3 Ke7 23. Nxe6 1-0

[Event "HZ Chess Tournament 2024"]
[Site "Vlissingen, Netherlands"]
[Date "2024.08.04"]
[Round "2.1"]
[White "Wagenvoorde, Guido"]
[Black "L'Ami, Erwin"]
[Result "0-1"]
[WhiteElo "2104"]
[BlackElo "2629"]
[PlyCount "135"]

1. d4 Nf6 2. c4 e6 3. Nf3 c5 4. d5 exd5 5. cxd5 d6 6. Nc3 g6 7. e4 Bg7 8. h3
O-O 9. Bd3 Nbd7 10. O-O Nh5 11. Re1 Ne5 12. Bf1 Nxf3+ 13. Qxf3 Be5 14. Bh6 Re8
15. Rab1 Bd7 16. Bd2 a6 17. a4 Rc8 18. b3 Qe7 19. g3 Rf8 20. Rbc1 Rb8 21. Nd1
b5 22. axb5 axb5 23. Ne3 Ra8 24. Ng4 Bg7 25. Bc3 Ra3 26. Bxg7 Kxg7 27. Qc3+ f6
28. Qb2 Rfa8 29. Ra1 Rxa1 30. Rxa1 Qd8 31. Kh2 Kf7 32. f4 Rxa1 33. Qxa1 Ng7 34.
Nh6+ Kf8 35. e5 fxe5 36. fxe5 dxe5 37. Qxe5 Qe7 38. Qf4+ Nf5 39. Nxf5 gxf5 40.
Qh6+ Ke8 41. Qb6 Qe5 42. Bxb5 Qxd5 43. Bxd7+ Kxd7 44. Qb5+ Kc7 45. Qa5+ Kd6 46.
Qc3 Qd4 47. Qc2 Kc6 48. Qe2 Kb6 49. h4 Ka5 50. Qe1+ Kb5 51. Qb1 Qf2+ 52. Kh3
Qf3 53. Kh2 Kb4 54. Qc2 Qe4 55. Qa2 Kc3 56. Qa3 Qb4 57. Qc1+ Kxb3 58. Qb1+ Ka4
59. Qc2+ Ka3 60. Qxf5 c4 61. Qxh7 c3 62. h5 Qc5 63. Qc2 Qxh5+ 64. Kg1 Qc5+ 65.
Kf1 Qe3 66. Qf5 Kb2 67. Qb5+ Kc1 68. Qb3 0-1

[Event "HZ Chess Tournament 2024"]
[Site "Vlissingen, Netherlands"]
[Date "2024.08.04"]
[Round "2.2"]
[White "Ter-Sahakyan, Samvel"]
[Black "Kliashtornyi, Arkadii"]
[Result "1-0"]
[WhiteElo "2609"]
[BlackElo "1975"]
[PlyCount "59"]

1. c4 e6 2. d4 d5 3. Nf3 Nf6 4. g3 dxc4 5. Bg2 c6 6. a4 b5 7. Ne5 Nd5 8. O-O
Bb7 9. e4 Nf6 10. Nc3 b4 11. Ne2 c5 12. d5 exd5 13. exd5 Bxd5 14. Nxf7 Kxf7 15.
Nf4 Nc6 16. Nxd5 Rc8 17. Qe2 Bd6 18. Nxf6 Qxf6 19. Qxc4+ Kf8 20. Qa6 Ne7 21.
Re1 Be5 22. Qxa7 Bd4 23. Be3 Bxb2 24. Rad1 Bc3 25. Bxc5 Bxe1 26. Rxe1 Rxc5 27.
Qxc5 Kf7 28. Qc4+ Kf8 29. Qxb4 Kf7 30. Qb3+ 1-0

[Event "HZ Chess Tournament 2024"]
[Site "Vlissingen, Netherlands"]
[Date "2024.08.04"]
[Round "2.3"]
[White "Kazarjan, Gachatur"]
[Black "Bharath Subramaniyam H"]
[Result "0-1"]
[WhiteElo "2100"]
[BlackElo "2566"]
[PlyCount "92"]

1. e4 c5 2. Nf3 d6 3. d4 cxd4 4. Nxd4 Nf6 5. Nc3 a6 6. Be3 e6 7. Be2 Qc7 8. a4
b6 9. f4 Bb7 10. Bf3 Nbd7 11. Qe2 e5 12. Nb3 Rc8 13. O-O Be7 14. Rad1 O-O 15.
f5 Qc4 16. Qf2 d5 17. exd5 Bb4 18. Nd2 Qc7 19. Nde4 Nxe4 20. Nxe4 Qxc2 21. Qg3
f6 22. Rc1 Qxb2 23. Bh6 Rf7 24. Bh5 Re7 25. Rxc8+ Bxc8 26. Rd1 Qa2 27. Qg4 Bb7
28. Be8 Kh8 29. d6 Rf7 30. Bxf7 Qxf7 31. Be3 Qb3 32. Bxb6 Bxe4 33. Rc1 Bd5 34.
Bf2 Bxd6 35. h4 Qb7 36. Rd1 Bf8 37. h5 h6 38. Qg6 Kg8 39. Qe8 Qc6 40. Be3 Kh7
41. a5 Kg8 42. Kh2 Qb5 43. Rd2 Bc6 44. Qe6+ Kh7 45. Qf7 Qa4 46. Bxh6 Qh4+ 0-1

[Event "HZ Chess Tournament 2024"]
[Site "Vlissingen, Netherlands"]
[Date "2024.08.04"]
[Round "2.4"]
[White "Pavlidis, Antonios"]
[Black "Fronda, Jan Jodilyn"]
[Result "1-0"]
[WhiteElo "2566"]
[BlackElo "2089"]
[PlyCount "69"]

1. e4 d5 2. exd5 Qxd5 3. Nc3 Qd8 4. d4 Nf6 5. Nf3 Bg4 6. h3 Bxf3 7. Qxf3 c6 8.
Be3 e6 9. Bd3 Nbd7 10. O-O-O Bb4 11. Ne2 Nd5 12. Kb1 N7f6 13. Bc1 b5 14. g4 Qc7
15. g5 Nd7 16. h4 N7b6 17. h5 O-O-O 18. g6 fxg6 19. hxg6 h6 20. Qe4 Rde8 21.
Rh3 Rhf8 22. Rf3 Rxf3 23. Qxf3 Rf8 24. Qg4 Rxf2 25. Ng3 Kb7 26. Ne4 Nf6 27.
Qxe6 Nxe4 28. Bxe4 Bf8 29. d5 cxd5 30. Rxd5 Nxd5 31. Qxd5+ Ka6 32. a4 Bc5 33.
b4 bxa4 34. Bd3+ Kb6 35. bxc5+ 1-0

[Event "HZ Chess Tournament 2024"]
[Site "Vlissingen, Netherlands"]
[Date "2024.08.04"]
[Round "2.5"]
[White "Wink, Luka"]
[Black "Ferreira, Jorge Viterbo"]
[Result "0-1"]
[WhiteElo "2090"]
[BlackElo "2523"]
[PlyCount "46"]

1. e4 c5 2. Nf3 d6 3. d4 cxd4 4. Nxd4 Nf6 5. Nc3 a6 6. h3 e5 7. Nf3 Qc7 8. a4
Be7 9. Be2 Nbd7 10. Be3 Nc5 11. Bxc5 Qxc5 12. Nh2 Bd8 13. O-O Ba5 14. Qd3 Be6
15. Rfd1 O-O 16. Nd5 Bxd5 17. exd5 Bb6 18. Ng4 Nxg4 19. Bxg4 f5 20. Be2 Qxf2+
21. Kh1 e4 22. Qb3 Bc5 23. Bf1 Qg1# 0-1

[Event "HZ Chess Tournament 2024"]
[Site "Vlissingen, Netherlands"]
[Date "2024.08.04"]
[Round "2.6"]
[White "Fernandez, Daniel Howard"]
[Black "Goudriaan, Rafael"]
[Result "1-0"]
[WhiteElo "2519"]
[BlackElo "1990"]
[PlyCount "65"]

1. e4 c6 2. Nf3 d5 3. d3 dxe4 4. dxe4 Qxd1+ 5. Kxd1 Nf6 6. Nbd2 g6 7. Ne5 Nbd7
8. Nd3 Ng4 9. h3 Nge5 10. Ne1 Bh6 11. g3 f6 12. b3 Nc5 13. f4 Nf7 14. Ba3 Nd7
15. Nd3 b6 16. h4 Bb7 17. Bb2 O-O-O 18. a4 Rhe8 19. Bh3 e5 20. fxe5 Nfxe5 21.
Nxe5 fxe5 22. Nc4 Kb8 23. Ke2 Nc5 24. Rhd1 Nxe4 25. Rxd8+ Rxd8 26. Bxe5+ Ka8
27. a5 Ba6 28. axb6 Kb7 29. bxa7 Kxa7 30. Kf3 Nc5 31. b4 Nb7 32. Bc7 Rf8+ 33.
Kg2 1-0

[Event "HZ Chess Tournament 2024"]
[Site "Vlissingen, Netherlands"]
[Date "2024.08.04"]
[Round "2.8"]
[White "Ikonnikov, Vyacheslav"]
[Black "Merbis, Max"]
[Result "1-0"]
[WhiteElo "2447"]
[BlackElo "2079"]
[PlyCount "85"]

1. d4 d5 2. c4 e6 3. Nc3 Nf6 4. cxd5 exd5 5. Bg5 c6 6. e3 Be7 7. Qc2 Nbd7 8.
Bd3 h6 9. Bh4 Nh5 10. Bxe7 Qxe7 11. Nge2 Nb6 12. h3 Bd7 13. O-O-O O-O-O 14. Kb1
Kb8 15. Nc1 g6 16. Rhe1 Nf6 17. Nb3 Bc8 18. f3 h5 19. Qf2 h4 20. e4 dxe4 21.
fxe4 Nh5 22. Be2 f5 23. e5 Be6 24. Nc5 Ng7 25. Bf3 g5 26. Qe2 Bc4 27. Qf2 Be6
28. a4 g4 29. Nxe6 Qxe6 30. a5 gxf3 31. axb6 axb6 32. Qxf3 Rd7 33. d5 cxd5 34.
Qf4 Nh5 35. Qa4 b5 36. Nxb5 Qb6 37. e6 Re7 38. Rxd5 Rhe8 39. Rxf5 Ng7 40. Qf4+
Ka8 41. Re3 Qxe3 42. Qxe3 Nxf5 43. Qa7# 1-0

[Event "HZ Chess Tournament 2024"]
[Site "Vlissingen, Netherlands"]
[Date "2024.08.04"]
[Round "2.9"]
[White "Romkes, Abel"]
[Black "Leenhouts, Koen"]
[Result "1/2-1/2"]
[WhiteElo "2064"]
[BlackElo "2446"]
[PlyCount "86"]

1. d4 Nf6 2. c4 e6 3. Nc3 Bb4 4. Qc2 c5 5. dxc5 O-O 6. Nf3 Na6 7. g3 Nxc5 8.
Bg2 Nce4 9. O-O Bxc3 10. bxc3 Qc7 11. Nd4 d5 12. cxd5 exd5 13. Bf4 Qc5 14. Rfc1
Bd7 15. Qb3 b6 16. a4 Rac8 17. Be3 Qc4 18. Qxc4 Rxc4 19. a5 b5 20. a6 Nxc3 21.
Bf3 Rfc8 22. Nb3 Bg4 23. Kg2 R8c7 24. Na5 Nxe2 25. Bxe2 Rxc1 26. Rxc1 Rxc1 27.
Bxc1 Bxe2 28. Be3 b4 29. Bxa7 Bxa6 30. Bc5 g5 31. Kf3 Bd3 32. Bxb4 d4 33. Nb3
Be4+ 34. Ke2 d3+ 35. Ke3 Bg6 36. Bd2 Ng4+ 37. Kf3 Ne5+ 38. Ke3 g4 39. Kf4 f6
40. Nd4 Nc4 41. Nb3 Ne5 42. Bc3 Bf7 43. Nd2 Nf3 1/2-1/2

[Event "HZ Chess Tournament 2024"]
[Site "Vlissingen, Netherlands"]
[Date "2024.08.04"]
[Round "2.10"]
[White "Beukema, Stefan"]
[Black "Weber, Nikita"]
[Result "1-0"]
[WhiteElo "2435"]
[BlackElo "2078"]
[PlyCount "155"]

1. c4 Nf6 2. g3 e6 3. Bg2 d5 4. Nf3 Be7 5. O-O O-O 6. b3 c6 7. Bb2 Nbd7 8. d4
b6 9. Nc3 Ba6 10. Re1 Bb4 11. Nd2 Rc8 12. a3 Bxc3 13. Bxc3 c5 14. dxc5 bxc5 15.
cxd5 exd5 16. b4 d4 17. Bb2 Qb6 18. Nb3 Rfd8 19. bxc5 Nxc5 20. Nxc5 Qxc5 21.
Rc1 Qb6 22. Rxc8 Bxc8 23. Qd2 Ba6 24. Qb4 Qxb4 25. axb4 Nd5 26. Bxd4 Nxb4 27.
Bxa7 Nc2 28. Rc1 Bxe2 29. Bc5 g6 30. f4 Nd4 31. Bb6 Rd7 32. Kf2 Bg4 33. Rc4 Ne6
34. Rc2 Bf5 35. Rb2 Rd3 36. Be3 Rc3 37. Bd2 Rc8 38. Rb5 Nc5 39. Be3 Ne6 40. h3
h5 41. Rd5 Rc2+ 42. Rd2 Kg7 43. Rxc2 Bxc2 44. g4 hxg4 45. hxg4 Bd1 46. Kg3 Bc2
47. Bd5 Kf6 48. Bd2 Ke7 49. Bb4+ Kf6 50. Bd6 g5 51. Be5+ Ke7 52. f5 Nd8 53. Bf3
Ba4 54. Kf2 Bc6 55. Be2 Bd5 56. Ke3 Nc6 57. Bb2 f6 58. Ba3+ Kf7 59. Bd6 Ne5 60.
Kd4 Bf3 61. Bxf3 Nxf3+ 62. Ke3 Ne1 63. Ke2 Ng2 64. Bg3 Kg7 65. Kf3 Nh4+ 66.
Bxh4 gxh4 67. Kg2 Kh6 68. Kh2 Kg7 69. Kh3 Kh7 70. Kxh4 Kh6 71. Kg3 Kg5 72. Kf3
Kh6 73. Kf4 Kg7 74. Ke4 Kf7 75. Kd5 Ke7 76. Kc6 Kf7 77. Kd7 Kg8 78. Ke6 1-0

[Event "HZ Chess Tournament 2024"]
[Site "Vlissingen, Netherlands"]
[Date "2024.08.04"]
[Round "2.11"]
[White "Le Clercq, Maxim"]
[Black "De Winter, Arthur"]
[Result "0-1"]
[WhiteElo "2069"]
[BlackElo "2411"]
[PlyCount "50"]

1. d4 d5 2. Bf4 c5 3. e3 cxd4 4. exd4 Nc6 5. c3 Bf5 6. Nf3 e6 7. Bb5 Bd6 8. Ne5
Nge7 9. O-O O-O 10. Nd2 Bxe5 11. Bxe5 Nxe5 12. dxe5 Qb6 13. Qb3 Ng6 14. Rae1 a6
15. Ba4 Qxb3 16. Bxb3 Bd3 17. Nf3 Ne7 18. Re3 Bxf1 19. Kxf1 Nc6 20. Bc2 Rfd8
21. Ng5 h6 22. Nf3 Rac8 23. g4 d4 24. Re4 dxc3 25. bxc3 Na5 0-1

[Event "HZ Chess Tournament 2024"]
[Site "Vlissingen, Netherlands"]
[Date "2024.08.04"]
[Round "2.12"]
[White "Arfan, Aditya Bagus"]
[Black "Verhoeven, Robin"]
[Result "1-0"]
[WhiteElo "2405"]
[BlackElo "1992"]
[PlyCount "41"]

1. e4 c6 2. d4 d5 3. e5 Bf5 4. Nd2 e6 5. Nb3 Nd7 6. Nf3 h6 7. Be2 g5 8. O-O Bg7
9. Bd2 Ne7 10. a4 f6 11. exf6 Bxf6 12. Ne5 Nxe5 13. dxe5 Bxe5 14. Bh5+ Bg6 15.
Re1 Bf6 16. Rxe6 Kf7 17. Rxf6+ Kxf6 18. Bc3+ Kf7 19. Qf3+ Kg8 20. Qf6 Bxh5 21.
Qg7# 1-0

[Event "HZ Chess Tournament 2024"]
[Site "Vlissingen, Netherlands"]
[Date "2024.08.04"]
[Round "2.13"]
[White "Brouwer, Mason"]
[Black "Karacsonyi, Gellert"]
[Result "0-1"]
[WhiteElo "2053"]
[BlackElo "2395"]
[PlyCount "128"]

1. d4 e6 2. g3 Nf6 3. Bg2 d5 4. Nf3 Be7 5. O-O O-O 6. c4 c6 7. Nc3 a5 8. Nd2 b5
9. cxb5 cxb5 10. e4 Ba6 11. exd5 exd5 12. Re1 Nc6 13. Nf3 Bb4 14. Bg5 Bxc3 15.
bxc3 h6 16. Bxf6 Qxf6 17. Ne5 Rfd8 18. Nxc6 Qxc6 19. Qf3 Ra7 20. Re5 Rc7 21.
Rae1 Kf8 22. Qe3 Rcc8 23. Re7 Kg8 24. Qf3 Rf8 25. h4 Rcd8 26. R1e5 Bc8 27. Qh5
Qf6 28. Ra7 Be6 29. Rxa5 Rc8 30. Rxb5 Rxc3 31. Bxd5 Rc2 32. Qf3 Bxd5 33. Qe3
Bc4 34. Rf5 Qa6 35. Rbc5 Rxa2 36. d5 Ra1+ 37. Kh2 Ba2 38. Qf3 Qf1 39. Rc7 Qg1+
40. Kh3 Qf1+ 41. Kg4 f6 42. Kh5 Rf7 43. Rc8+ Rf8 44. Rc7 Qe1 45. Qg4 Qe8+ 46.
Qg6 Rf7 47. Rxf7 Qxf7 48. Qxf7+ Kxf7 49. Kg4 Rd1 50. Rf4 Bxd5 51. Rb4 Be6+ 52.
Kf3 Rd3+ 53. Ke4 Rb3 54. Ra4 f5+ 55. Ke5 Rb5+ 56. Kf4 Kf6 57. Ra7 Rb3 58. h5
Bc8 59. Ra5 Rb4+ 60. Ke3 Re4+ 61. Kd3 Re7 62. f4 Bb7 63. Kd2 Bf3 64. Ra6+ Re6
0-1

[Event "HZ Chess Tournament 2024"]
[Site "Vlissingen, Netherlands"]
[Date "2024.08.04"]
[Round "2.14"]
[White "De Boer, Eelke"]
[Black "Duchene, Rene"]
[Result "1-0"]
[WhiteElo "2270"]
[BlackElo "2085"]
[PlyCount "49"]

1. e4 e6 2. d4 d5 3. e5 c5 4. c3 Qb6 5. Nf3 Nc6 6. a3 Nh6 7. Bd3 cxd4 8. O-O
Nf5 9. b4 Bd7 10. Re1 Be7 11. c4 dxc4 12. Bxc4 h6 13. Nbd2 g5 14. Bd3 g4 15.
Nc4 Qc7 16. Bxf5 gxf3 17. Be4 fxg2 18. Bf4 b5 19. Nd6+ Bxd6 20. exd6 Qb6 21.
Rc1 Rc8 22. Qg4 Kf8 23. Qh4 Kg7 24. Rxc6 Bxc6 25. Be5+ 1-0

[Event "HZ Chess Tournament 2024"]
[Site "Vlissingen, Netherlands"]
[Date "2024.08.04"]
[Round "2.15"]
[White "Hng, Mei-Xian Eunice"]
[Black "Van Delft, Merijn"]
[Result "1/2-1/2"]
[WhiteElo "2019"]
[BlackElo "2360"]
[PlyCount "72"]

1. e4 c5 2. d4 cxd4 3. c3 dxc3 4. Nxc3 Nc6 5. Bc4 e6 6. Nf3 Bb4 7. O-O Nge7 8.
Qe2 O-O 9. Rd1 Ng6 10. Be3 a6 11. Bb3 b5 12. a4 bxa4 13. Nxa4 Rb8 14. Bc4 a5
15. Bb5 Qc7 16. Rac1 Qb7 17. Nb6 Nge7 18. Qc4 d5 19. Bxc6 dxc4 20. Bxb7 Bxb7
21. Nd7 Bxe4 22. Nfe5 Nd5 23. Nxc4 Rb7 24. Nxf8 Kxf8 25. Bd2 Ke7 26. Nxa5 Bxa5
27. Bxa5 Rxb2 28. Bc3 Nxc3 29. Rxc3 Rb7 30. f3 Bd5 31. Rdc1 Kf6 32. Rc7 Rb2 33.
R1c2 Rb1+ 34. Kf2 g5 35. R7c5 Rb4 36. Rd2 h6 1/2-1/2